00689nam a2200229 a 4500001001300000003000900013005001700022008004100039020001000080082001800090100002600108245003700134260004400171500003500215505002700250650002300277700002600300902000800326942000700334952010100341999001700442nice12345678IN_TiNIC20260116015158.0050524s2001 hyda grp 000 0 eng  ac10000a297.1977bALI aAli, Mohammad Moazzam aArticles, Xerox Copy of Articles aHyderabadbHenry Martyn Institutec2001 aincludes index and biblioraphy2 axerox copy of articles aIslam and Politics1 aAli, Mohammad Moazzam bSRS cBK 00104070aHMIbHMId2007-08-08g100.00l0o297.1977 ALIp11001170r2007-08-08w2026-01-16yEB c18638d18638